Ислам : (Record no. 509545)
[ view plain ]
| 000 -LEADER | |
|---|---|
| fixed length control field | 00887nam a2200229 a 4500 |
| 001 - CONTROL NUMBER | |
| control field | 000474639 |
| 003 - CONTROL NUMBER IDENTIFIER | |
| control field | AM-YEHGA |
| 005 - DATE AND TIME OF LATEST TRANSACTION | |
| control field | 20250617163622.0 |
| 008 - FIXED-LENGTH DATA ELEMENTS--GENERAL INFORMATION | |
| fixed length control field | 060214s1961 ||||||||||||||||||||rus d |
| 040 ## - CATALOGING SOURCE | |
| Original cataloging agency | AM-YeHGA |
| 041 1# - LANGUAGE CODE | |
| Language code of text/sound track or separate title | rus |
| Language code of original | fre |
| 090 ## - LOCALLY ASSIGNED LC-TYPE CALL NUMBER (OCLC); LOCAL CALL NUMBER (RLIN) | |
| -- | 513007 |
| 100 1# - MAIN ENTRY--PERSONAL NAME | |
| Personal name | Массэ, А. |
| 245 10 - TITLE STATEMENT | |
| Title | Ислам : |
| Remainder of title | Очерк истории : Пер. с фр. / |
| Statement of responsibility, etc. | А. Массэ ; Пер. Н.Б. Кобриной и др. ; Под ред. и с предисл. Е.А. Беляева ; АН СССР. Ин-т народов Азии. |
| 246 1# - VARYING FORM OF TITLE | |
| Title proper/short title | L'Islam |
| 260 ## - PUBLICATION, DISTRIBUTION, ETC. | |
| Place of publication, distribution, etc. | Москва : |
| Name of publisher, distributor, etc. | Изд-во вост. лит, |
| Date of publication, distribution, etc. | 1961. |
| 300 ## - PHYSICAL DESCRIPTION | |
| Extent | 229 с. |
| 650 14 - SUBJECT ADDED ENTRY--TOPICAL TERM | |
| Topical term or geographic name entry element | Религия |
| 700 1# - ADDED ENTRY--PERSONAL NAME | |
| Personal name | Кобрина, Н.Б. |
| Relator term | пер. |
| Relationship | trl |
| 700 1# - ADDED ENTRY--PERSONAL NAME | |
| Personal name | Беляев, Е.А. |
| Relator term | ред. |
| Relationship | edt |
| Relator term | авт. предисл. |
| Relationship | aui |
| 710 2# - ADDED ENTRY--CORPORATE NAME | |
| Corporate name or jurisdiction name as entry element | Институт народов Азии АН СССР |
| Withdrawn status | Lost status | Damaged status | Not for loan | Collection | Home library | Current library | Date acquired | Total checkouts | Full call number | Barcode | Date last seen | Price effective from | Koha item type | Public note |
|---|---|---|---|---|---|---|---|---|---|---|---|---|---|---|
| General | Fundamental Scientific Library | Fundamental Scientific Library | 10/06/2021 | PII/53199 | FL0649964 | 10/06/2021 | 10/06/2021 | Գրքեր / Books | 30 Days Loan | |||||
| General | Fundamental Scientific Library | Fundamental Scientific Library | 02/07/2021 | PII/55189 | FL0651936 | 02/07/2021 | 02/07/2021 | Գրքեր / Books | 30 Days Loan |
ՀՀ Գիտությունների ազգային ակադեմիայի հիմնարար գիտական գրադարան = Fundamental Scientific Library of NAS RA
All site content, except where otherwise noted, is licensed under a